Innovation policies for inclusive growth

Gespeichert in:
Bibliographische Detailangaben
Format: Buch
Sprache:Englisch
Veröffentlicht: Paris OECD 2015
Schlagworte:
Tags: Tag hinzufügen
Keine Tags, Fügen Sie das erste Tag hinzu!

MARC

LEADER 00000nam a2200000 4500
001 0211184
005 20240314123039.2
020 |a 978-92-64-22941-9 
041 0 |a eng 
044 |a FR 
245 1 0 |a Innovation policies for inclusive growth 
264 1 |a Paris  |b OECD  |c 2015 
300 |a 98 s. 
610 2 0 |a rast hospodársky 
610 2 0 |a stratégia inovačná 
610 2 0 |a programy rozvojové 
610 2 0 |a inovácia 
610 2 0 |a redukcia chudoby 
610 2 0 |a úroveň životná 
610 2 0 |a pomoc sociálna 
610 2 0 |a vzdelávanie 
610 2 0 |a technológie informačné 
610 2 0 |a technológie komunikačné 
610 2 0 |a príjmy obyvateľstva 
610 2 0 |a porovnanie štatistické medzinárodné